All Battle Cats Advent Bosses - Statistics

General Stats
  • This quiz has been taken 15 times
  • The average score is 22 of 35
Answer Stats
Chapter Level Boss Unit/True Form Reward % Correct
River Styx Realm of Carnage Hannya Express Cat
100%
River Acheron Revenge of Carnage Hannya Bullet Train Cat
100%
Clionel Ascendant No Plan A Cruel Angel Clionel Catway
92%
Clionel Dominant A Cat Screaming Love Cruel Angel Clionel Time Traveller Cat
92%
Dead on Debut Parade of the Dead Daboo of the Dead Curling Cat
92%
Dead by Encore March to Death Daboo of the Dead Green Shell Cat
92%
Wanwan's Glory Dogsville Everlord Wanwan Rugby Cat
92%
Papuu's Paradise Saintly Sister Heavenly Herald Papuu Cossack Cat
92%
King Wahwah's Revenge N-1 Grand Prix King Wahwah Glass Cat
92%
King Wahwah's Return Wrath of the Dogelord King Wahwah Macho Crystal Cat
92%
Queen's Coronation Honey Trap Queen B Little Leaguer Cat
92%
Queen's Condemnation Royal Jelly Hell Queen B Golfer Cat
92%
Z-Onel Rises! Last of the Dead Death Angel Z-Onel Phantom Cat
85%
Deeply Dreaming Bombergirl Bakoo Lone Cat and Kitten
77%
A Deeper Dream Revenge of the Dreamer Bakoo Tourist Cat
77%
Courts of Torment The Pure Land Black Okame Medusa Cat
77%
Courts of Agony Okame's Teahouse Black Okame Naga Cat
77%
Blue Impact Puffer Planet Puffsley's Comet Mightycat
77%
Bottom of the Swamp Flow Like the Stream Kappy Jr. Teacher BearCat
69%
Top of the Bog Water Conservancy Kappy Jr. Cadaver BearCat
69%
Temptation's Symphony Aku's Melody Possessed Empress Pied Piper Cat
62%
First Errand Baby Fake Doremi Bakery Cat
54%
NEO First Errand Professional Babbler Doremi Fried Chicken Cat
54%
Jumbo Invasion Aqua Saint 1, 2, 3, Climax Jumbo Jones Carpenter Cat
54%
Invasion of the Swamplord Ghost King 1, 2, 3, Finale Kappy Kawano Maize Cat
54%
Reign of the Tyrant Infernal Tyrant 1, 2, 3, Climax Infernal Tyrant Nyandam Jetpack Cat
46%
Hunt for the Xenobeast King of the Beasts 1, 2, 3, Final Bout Xenobeast Bunaglios Bowler Cat
46%
Prelude to Ruin Possessed by Evil Evil Emperor Cat Stone Cat
31%
Temptation's Rhapsody Symphony of Bankruptcy Possessed Empress Brass Cat
23%
The Old Queen I'll Be Bug Queen Mother V Slime Cat
23%
Rashomon Aku Reincarnation Sathankhamun VIII Calligraphy Cat
23%
Z-Onel Resurrected! With Sympathy Death Angel Z-Onel Bubble Cat
8%
Papuu's Paradox Requiem for Angels Heavenly Herald Papuu Royal Guard Cat
8%
NEO Wanwan's Glory Top Dog Everlord Wanwan Gridiron Cat
0%
The Eldest queen Be Bee Queen Queen Mother V Jelly Dumpling Cat
0%
No matching quizzes found
Score Distribution
Percent of People with Each Score
Percentile by Number Answered
Your Score History
You have not taken this quiz